000 00503nam a22001697a 4500
003 OSt
005 20251028121831.0
008 251028b |||||||| |||| 00| 0 eng d
040 _cMRSPTU
041 _aENG
100 _aSukhjinder Singh
245 _aA Framework for Offline Handwritten Devanagari Word Recognition
260 _aBathinda
_bMRSPTU
_c2023
650 _aElectronics and Communication Engineering
856 _uhttp://163.47.215.52:8080/jspui/handle/123456789/839
942 _2ddc
_cTH
_n0
999 _c10597
_d10597